000 00582nam a2200217Ia 4500
008 101110s9999 xx 000 0 und d
041 _aENGLISH
082 _bJR5335
100 _aPhulambrikar,M and Kulkarni, S. and others
245 _aSTEPS IN BIOLOGY XII (SCIENCE)
260 _c2007
_bNirali Prakashan, Pune
300 _a209
365 _b55
520 _aBiology/Zoology
546 _aENGLISH
630 _aSTEPS IN BIOLOGY XII (SCIENCE)
650 _aBiology/Zoology
655 _aBiology/Zoology
730 _aSTEPS IN BIOLOGY XII (SCIENCE)
942 _cBOOK
999 _c796130
_d796127